00566nam a2200193Ia 450000500170000000800410001702000150005804000180007304100080009108200230009910000150012224500610013725000120019826000660021030000270027665000280030365000210033165000200035220230210142613.0210716s2011 xx 000 0 und d a0070473412 cAIMIT LIBRARY aeng a658.1599 23bAPTP aApte, P G. aInternational financial management /cBy Prakash G Apte. a3rd ed. aNew Delhi :bTata McGraw Hill Publishing Company Ltd ,c2011. axvi,636p. ;bPBc23 cm aThe balance of payments aCurrency options aFinancial swaps